Normal view
MARC view
Entry Personal Name
001 - CONTROL NUMBER
- control field: 15875
003 - CONTROL NUMBER IDENTIFIER
- control field: OSt
005 - DATE AND TIME OF LATEST TRANSACTION
- control field: 20220304123021.0
008 - FIXED-LENGTH DATA ELEMENTS
- fixed length control field: 220304|| aca||aabn | a|a d
040 ## - CATALOGING SOURCE
- Original cataloging agency: OSt
- Transcribing agency: OSt
100 ## - HEADING--PERSONAL NAME
- Personal name: Dwork, Bernard M.
670 ## - SOURCE DATA FOUND
- Source citation: Work cat.: (OSt)0: Dwork, Bernard M., Generalized hypergeometric functions /, 1990.
